[Event "World Rapid 2017"]
[Site "Riyadh KSA"]
[Date "2017.12.26"]
[Round "2.10"]
[White "Jobava, Baadur"]
[Black "Sjugirov, Sanan"]
[Result "1/2-1/2"]
[WhiteTitle "GM"]
[BlackTitle "GM"]
[WhiteElo "2690"]
[BlackElo "2650"]
[WhiteFideId "13601520"]
[BlackFideId "4189302"]
[EventDate "2017.12.26"]

1. d4 Nf6 2. Bg5 d5 3. e3 c6 4. Bd3 Qb6 5. b3 Nbd7 6. Nd2 e5 7. c3 Bd6 8. Ne2
Qc7 9. h3 O-O 10. Rc1 Re8 11. O-O a6 12. c4 exd4 13. exd4 dxc4 14. Nxc4 Nd5 15.
Nxd6 Qxd6 16. Ng3 N7f6 17. Qf3 Bd7 18. Rfd1 h6 19. Bd2 a5 20. a4 b6 21. Nf5 Bxf5
22. Bxf5 Re7 23. Rc2 Rae8 24. Rdc1 Nb4 25. Rc4 b5 26. Bf4 Qd5 27. Rc5 Qxf3 28.
gxf3 bxa4 29. bxa4 g6 30. Be5 gxf5 31. Bxf6 Re1+ 32. Rxe1 Rxe1+ 33. Kg2 Nd5 34.
Rxc6 Nxf6 35. Rxf6 Ra1 36. Rxh6 Rxa4 37. Rd6 Ra3 38. Kg3 Rd3 39. Ra6 Rxd4 40.
Rxa5 f4+ 41. Kg2 Kg7 42. Re5 Rd6 43. h4 Rg6+ 44. Kh3 Kf6 45. Ra5 Rg1 46. h5 Rh1+
47. Kg4 Rh2 48. Ra2 Kg7 49. Rb2 Kh6 50. Rb7 Kg7 51. Rb2 Kh6 52. Ra2 Kg7 53. Kg5
f6+ 54. Kg4 Kh6 55. Kf5 Rxh5+ 56. Kxf6 Rh3 57. Ra3 Rh2 58. Ra4 Rxf2 59. Rxf4 Kh7
60. Kf7 Kh6 61. Kf6 Kh7 62. Kf7 Kh6 63. Rf5 Ra2 64. Re5 Rf2 65. Rf5 Ra2 66. Rf6+
Kh7 67. Re6 Rf2 68. Re3 Kh6 69. Kf6 Kh7 1/2-1/2

[Event "World Rapid 2017"]
[Site "Riyadh KSA"]
[Date "2017.12.26"]
[Round "2.11"]
[White "Amin, Bassem"]
[Black "Petrosian, Tigran L."]
[Result "0-1"]
[WhiteTitle "GM"]
[BlackTitle "GM"]
[WhiteElo "2689"]
[BlackElo "2601"]
[WhiteFideId "10601457"]
[BlackFideId "13301616"]
[EventDate "2017.12.26"]

1. e4 d6 2. d4 Nf6 3. Nc3 g6 4. Bg5 h6 5. Bf4 Bg7 6. Qd2 g5 7. Bg3 Nh5 8. O-O-O
c6 9. Nge2 b5 10. f4 Qa5 11. a3 Nd7 12. Kb1 Nb6 13. fxg5 Nc4 14. Qd3 hxg5 15.
Nc1 Qb6 16. Nb3 a5 17. a4 Ba6 18. axb5 Bxb5 19. Nxb5 cxb5 20. Bf2 a4 21. Nd2 a3
22. b3 a2+ 23. Ka1 Na3 24. Rc1 O-O 25. g3 Rfc8 26. Be2 b4 27. c4 bxc3 28. Rxc3
Rxc3 29. Qxc3 Nf6 30. Rc1 Nb1 31. Rxb1 axb1=Q+ 32. Kxb1 Qa7 33. Qb2 Qb7 34. Bd3
Qc8 35. Nc4 Qg4 36. Ne3 Qf3 37. Qc2 Ng4 38. Nxg4 Qh1+ 0-1

[Event "World Rapid 2017"]
[Site "Riyadh KSA"]
[Date "2017.12.26"]
[Round "2.12"]
[White "Guseinov, Gadir"]
[Black "Volokitin, Andrei"]
[Result "0-1"]
[WhiteTitle "GM"]
[BlackTitle "GM"]
[WhiteElo "2646"]
[BlackElo "2628"]
[WhiteFideId "13401378"]
[BlackFideId "14107090"]
[EventDate "2017.12.26"]

1. e4 c5 2. Nc3 d6 3. d4 cxd4 4. Qxd4 Nc6 5. Bb5 e6 6. Nf3 Bd7 7. Bxc6 Bxc6 8.
Bg5 Nf6 9. O-O-O Be7 10. Rhe1 O-O 11. Kb1 h6 12. Bh4 Re8 13. Qd3 Rc8 14. h3 d5
15. Bxf6 Bxf6 16. e5 Be7 17. Nd4 Qb6 18. Ka1 Bd7 19. Re3 Rc4 20. Nce2 Rec8 21.
f4 Ra4 22. c3 a6 23. Rg3 Bb5 24. Nxb5 axb5 25. f5 Qa6 26. Nc1 Bg5 27. Kb1 Bxc1
28. Rxc1 Rxa2 29. fxe6 fxe6 30. Rg4 Rc4 31. Rxc4 bxc4 32. Qg6 Kh8 33. Qe8+ Kh7
34. g4 Qa7 35. Qf7 0-1

[Event "World Rapid 2017"]
[Site "Riyadh KSA"]
[Date "2017.12.26"]
[Round "2.13"]
[White "Amonatov, Farrukh"]
[Black "Li, Chao b"]
[Result "1/2-1/2"]
[WhiteTitle "GM"]
[BlackTitle "GM"]
[WhiteElo "2636"]
[BlackElo "2732"]
[WhiteFideId "14700077"]
[BlackFideId "8604436"]
[EventDate "2017.12.26"]

1. e4 c5 2. Nf3 d6 3. d4 cxd4 4. Nxd4 Nf6 5. Nc3 Nc6 6. Bc4 Bd7 7. Bb3 g6 8. f3
Nxd4 9. Qxd4 Bg7 10. Bg5 O-O 11. Qd2 b5 12. Bh6 a5 13. Bxg7 Kxg7 14. a4 b4 15.
Nd5 Nxd5 16. exd5 Rc8 17. h4 h5 18. g4 e5 19. dxe6 Bxe6 20. Bxe6 fxe6 21. gxh5
Qf6 22. O-O-O b3 23. c3 Rc4 24. Kb1 Qf5+ 25. Qd3 Qxd3+ 26. Rxd3 gxh5 27. Rg1+
Kf6 28. Rxd6 Rxh4 29. Rb6 Rxa4 30. Re1 Re8 31. Rxb3 Rf4 32. Rb5 Rf5 33. Rxf5+
Kxf5 34. Rh1 Kg5 35. Kc2 Rf8 36. Rh3 Rf4 37. Kd3 h4 38. Ke3 e5 39. Rh1 Kf5 40.
b3 1/2-1/2

[Event "World Rapid 2017"]
[Site "Riyadh KSA"]
[Date "2017.12.26"]
[Round "2.14"]
[White "Demchenko, Anton"]
[Black "Zhigalko, Sergei"]
[Result "1-0"]
[WhiteTitle "GM"]
[BlackTitle "GM"]
[WhiteElo "2660"]
[BlackElo "2641"]
[WhiteFideId "4160258"]
[BlackFideId "13502956"]
[EventDate "2017.12.26"]

1. e4 c5 2. Nc3 Nc6 3. g3 g6 4. Bg2 Bg7 5. d3 Rb8 6. Be3 d6 7. Nge2 Nd4 8. O-O
b5 9. b4 Bd7 10. bxc5 dxc5 11. Rb1 b4 12. Nd5 e6 13. Bxd4 cxd4 14. Nxb4 Ne7 15.
Na6 Rc8 16. Qd2 O-O 17. e5 Bxe5 18. Bb7 Rc6 19. Bxc6 Bxc6 20. Nf4 g5 21. Ng2 h6
22. f4 gxf4 23. Nxf4 Nf5 24. Rf2 Ne3 25. c4 Qg5 26. Nb4 Ba8 27. Nc2 Rd8 28. Rb5
a6 29. Ra5 Rb8 30. Nxe3 dxe3 31. Qxe3 f6 32. d4 Rb1+ 33. Rf1 Qf5 34. dxe5 Rb2
35. exf6 Qxa5 36. Qxe6+ Kh8 37. Qe8+ 1-0

[Event "World Rapid 2017"]
[Site "Riyadh KSA"]
[Date "2017.12.26"]
[Round "2.15"]
[White "Wang, Yue"]
[Black "Kuzubov, Yuriy"]
[Result "1/2-1/2"]
[WhiteTitle "GM"]
[BlackTitle "GM"]
[WhiteElo "2690"]
[BlackElo "2699"]
[WhiteFideId "8601429"]
[BlackFideId "14112906"]
[EventDate "2017.12.26"]

1. Nf3 d5 2. d4 Nf6 3. c4 e6 4. Nc3 Nbd7 5. cxd5 exd5 6. Bg5 Be7 7. e3 c6 8. Qc2
Nh5 9. Bxe7 Qxe7 10. O-O-O Nb6 11. Bd3 Bg4 12. Rdg1 Bxf3 13. gxf3 g6 14. f4
O-O-O 15. h4 Kb8 16. Ne2 Rc8 17. Kb1 Nd7 18. Ng3 Nxg3 19. Rxg3 c5 20. Qc3 Nf6
21. Rd1 Ne4 22. Bxe4 Qxe4+ 23. Qd3 cxd4 24. Qxe4 dxe4 25. Rxd4 1/2-1/2

[Event "World Rapid 2017"]
[Site "Riyadh KSA"]
[Date "2017.12.26"]
[Round "2.16"]
[White "Salgado Lopez, Ivan"]
[Black "McShane, Luke J"]
[Result "1/2-1/2"]
[WhiteTitle "GM"]
[BlackTitle "GM"]
[WhiteElo "2644"]
[BlackElo "2640"]
[WhiteFideId "2257327"]
[BlackFideId "404853"]
[EventDate "2017.12.26"]

1. e4 e5 2. Nf3 Nc6 3. d4 exd4 4. Nxd4 Bc5 5. Nb3 Bb4+ 6. c3 Be7 7. f4 d6 8.
N1d2 Nh6 9. Bd3 O-O 10. O-O f5 11. Nf3 Kh8 12. Bd2 fxe4 13. Bxe4 Bf5 14. Qc2 Qd7
15. Rae1 Rae8 16. Bxf5 Nxf5 17. Qd3 a6 18. Nc5 Qc8 19. Ne6 Ne5 20. fxe5 Qxe6 21.
exd6 1/2-1/2

[Event "World Rapid 2017"]
[Site "Riyadh KSA"]
[Date "2017.12.26"]
[Round "2.17"]
[White "Fedorchuk, Sergey A."]
[Black "Dreev, Aleksey"]
[Result "1/2-1/2"]
[WhiteTitle "GM"]
[BlackTitle "GM"]
[WhiteElo "2648"]
[BlackElo "2653"]
[WhiteFideId "14102536"]
[BlackFideId "4100107"]
[EventDate "2017.12.26"]

1. e4 c6 2. d4 d5 3. e5 Bf5 4. h4 h5 5. Bd3 Bxd3 6. Qxd3 e6 7. Bg5 Qb6 8. Nd2
Nh6 9. Ne2 Nf5 10. O-O Nd7 11. c4 Be7 12. Bxe7 Nxe7 13. b3 Qd8 14. Nf3 Nf8 15.
a4 Nfg6 16. a5 a6 17. Rfe1 Nf5 18. g3 Qd7 19. Nc3 Nge7 20. Na4 Rd8 21. Nc5 Qc7
22. Qc3 O-O 23. Ra4 Rb8 24. Ng5 Nh6 25. Nd3 Rbd8 26. Nf4 g6 27. Raa1 Nhf5 28.
Rad1 c5 29. dxc5 Qxc5 30. Nfxe6 fxe6 31. Nxe6 Qc6 32. Nxd8 Rxd8 33. Qd2 d4 34.
Qg5 Qf3 35. b4 Rf8 36. e6 Qc6 37. Re5 Qd6 38. Rde1 Kh7 39. c5 Qd8 40. g4 Ng7 41.
Rd1 hxg4 42. Re4 Rf5 43. Qxg4 Nc6 44. e7 Qe8 45. Qg3 Rd5 46. Rde1 Rd7 47. Qg5 d3
48. Rd1 Nxe7 49. Rde1 d2 50. Rd1 Qd8 51. Re2 Nc6 52. Qxd8 Rxd8 53. Rdxd2 Nd4 54.
Kf1 Ngf5 55. Re4 Kh6 56. Rd3 Kh5 57. Rd2 Rd7 58. Rd3 Rd8 59. Rd2 Rd7 60. Rd3 1/2-1/2

[Event "World Rapid 2017"]
[Site "Riyadh KSA"]
[Date "2017.12.26"]
[Round "2.18"]
[White "Ni, Hua"]
[Black "Mamedov, Rauf"]
[Result "1/2-1/2"]
[WhiteTitle "GM"]
[BlackTitle "GM"]
[WhiteElo "2671"]
[BlackElo "2709"]
[WhiteFideId "8601160"]
[BlackFideId "13401653"]
[EventDate "2017.12.26"]

1. e4 c5 2. Nf3 Nc6 3. Bb5 g6 4. O-O Bg7 5. Nc3 e5 6. d3 Nge7 7. a3 O-O 8. Bc4
d6 9. Rb1 h6 10. b4 Kh7 11. bxc5 dxc5 12. Nd5 b6 13. Re1 Be6 14. Nxe7 Qxe7 15.
Bd5 Rac8 16. c4 Qd6 17. Bb2 Ne7 18. Bc3 Bd7 19. a4 Rb8 20. Qb3 a6 21. Qb2 f6 22.
Qc2 b5 23. axb5 axb5 24. Ra1 Nxd5 25. cxd5 Ra8 26. Bd2 Rfc8 27. Rxa8 Rxa8 28.
Be3 Rc8 29. Nd2 c4 30. dxc4 bxc4 31. Nb1 Bf8 32. Nc3 Rb8 33. Ra1 Kg8 34. Qd2 h5
35. h3 Rb3 36. Ra7 Ra3 37. Rb7 Rb3 38. Ra7 Ra3 39. Rb7 Rb3 1/2-1/2

[Event "World Rapid 2017"]
[Site "Riyadh KSA"]
[Date "2017.12.26"]
[Round "2.19"]
[White "Cheparinov, Ivan"]
[Black "Socko, Bartosz"]
[Result "1/2-1/2"]
[WhiteTitle "GM"]
[BlackTitle "GM"]
[WhiteElo "2710"]
[BlackElo "2593"]
[WhiteFideId "2905540"]
[BlackFideId "1107038"]
[EventDate "2017.12.26"]

1. d4 Nf6 2. c4 e6 3. Nf3 b6 4. g3 Bb7 5. Bg2 c5 6. O-O cxd4 7. Qxd4 Be7 8. Nc3
O-O 9. Bg5 h6 10. Bxf6 Bxf6 11. Qd3 Na6 12. Rfd1 Nc5 13. Qe3 a5 14. Rac1 Rc8 15.
b3 Qe7 16. h4 Rfd8 17. Ne5 Bxg2 18. Kxg2 d5 19. cxd5 exd5 20. Rxd5 Qb7 21. Qf3
Bxe5 22. Rxe5 Qxf3+ 23. Kxf3 Ne6 24. e3 Rd2 25. Ne2 Rxc1 26. Nxc1 Nc5 27. Re8+
Kh7 28. a3 f5 29. b4 axb4 30. axb4 Ne4 31. Ne2 g5 32. g4 gxh4 33. Re7+ Kg8 34.
gxf5 Ng5+ 35. Kg4 Rxe2 36. Kxh4 Rxf2 37. Rb7 Rxf5 38. Rxb6 Kg7 39. b5 Re5 40.
Rb8 Rxe3 41. b6 Rb3 42. Kg4 Rb5 43. Kf4 Kf6 44. Kg4 Nf7 45. Kh4 Kg7 46. Kg4 Ne5+
47. Kh4 Nc4 48. Rb7+ Kg6 49. Rc7 Na5 50. Ra7 Nc6 51. Rd7 Rb4+ 52. Kg3 Rxb6 53.
Rd6+ Kg5 54. Rd5+ Kf6 55. Rd6+ Kg7 56. Rd7+ Kh8 57. Rd6 Kh7 58. Rd7+ Kg6 59.
Rd6+ Kg5 60. Rd5+ Kf6 61. Rd6+ Kg7 62. Rd7+ Kg8 63. Rd6 Rb3+ 64. Kg2 Rb2+ 65.
Kh3 Rb3+ 66. Kg2 Ne5 67. Rxh6 Kg7 68. Re6 Ng6 69. Ra6 Kh6 70. Kf2 Kg5 71. Ke2
Ne5 72. Kd2 Kf5 73. Ra8 Ke4 74. Kc2 Rh3 75. Re8 Rg3 76. Kb2 Kd4 77. Rd8+ Kc5 78.
Rc8+ Nc6 79. Kc2 Kd5 80. Kd2 Rh3 81. Rg8 Ne5 82. Rd8+ Ke4 83. Re8 Rd3+ 84. Kc2
Rd5 85. Kc3 Rc5+ 86. Kd2 Rc6 87. Kd1 Kd4 88. Kd2 Nc4+ 89. Ke2 Rf6 90. Rd8+ Nd6
91. Rd7 Rh6 92. Kf3 Ke5 93. Re7+ Kd5 94. Ra7 Rf6+ 95. Kg4 Nc4 96. Kg5 Rf1 97.
Ra8 Ke4 98. Ra4 Rf5+ 99. Kg6 Rc5 100. Kf6 Rc6+ 101. Kg5 Ke5 102. Ra8 Re6 103.
Ra1 Ne3 104. Ra5+ Nd5 105. Kg4 Rf6 106. Kg5 Rf1 107. Kg4 Rf4+ 108. Kg3 Rd4 109.
Kf3 Rd3+ 110. Kg4 Rb3 111. Rc5 Ra3 112. Rb5 Ke4 113. Rb8 Ne3+ 114. Kg5 Ra5+ 115.
Kg6 Nf5 116. Rb4+ Nd4 117. Rb8 Ra6+ 118. Kh7 Kf5 1/2-1/2

[Event "World Rapid 2017"]
[Site "Riyadh KSA"]
[Date "2017.12.26"]
[Round "2.20"]
[White "Adhiban, Baskaran"]
[Black "Safarli, Eltaj"]
[Result "1/2-1/2"]
[WhiteTitle "GM"]
[BlackTitle "GM"]
[WhiteElo "2655"]
[BlackElo "2639"]
[WhiteFideId "5018471"]
[BlackFideId "13402129"]
[EventDate "2017.12.26"]

1. d4 Nf6 2. Bg5 g6 3. Nf3 Bg7 4. Nbd2 O-O 5. c3 d6 6. e4 c5 7. dxc5 dxc5 8. Bc4
Nc6 9. Qe2 h6 10. Bxf6 exf6 11. O-O Qe7 12. Rad1 Be6 13. Bxe6 Qxe6 14. Qc4 Rad8
15. Qxe6 fxe6 16. Nc4 Rxd1 17. Rxd1 Rd8 18. Rxd8+ Nxd8 19. a4 Kf8 20. Nd6 a6 21.
Ne1 Ke7 22. Nc4 Kd7 23. Nd3 b5 24. axb5 axb5 25. Na3 Kc6 26. c4 bxc4 27. Nxc4 f5
28. f3 Bd4+ 29. Kf1 fxe4 30. fxe4 Nf7 31. Ke2 Ng5 1/2-1/2

[Event "World Rapid 2017"]
[Site "Riyadh KSA"]
[Date "2017.12.26"]
[Round "2.21"]
[White "Salem, A.R. Saleh"]
[Black "Khismatullin, Denis"]
[Result "1/2-1/2"]
[WhiteTitle "GM"]
[BlackTitle "GM"]
[WhiteElo "2638"]
[BlackElo "2632"]
[WhiteFideId "9301348"]
[BlackFideId "4142578"]
[EventDate "2017.12.26"]

1. d4 Nf6 2. c4 e6 3. Nf3 d5 4. Nc3 a6 5. e3 b6 6. cxd5 exd5 7. Bd3 Bb7 8. O-O
Bd6 9. Qc2 O-O 10. e4 dxe4 11. Nxe4 Nxe4 12. Bxe4 Bxe4 13. Qxe4 Nd7 14. Bg5 Qe8
15. Qf5 Qe6 16. Qxe6 fxe6 17. Rfe1 Rae8 18. Re2 Rf5 19. Bh4 h6 20. Bg3 Rd5 21.
Rc1 a5 22. Bxd6 cxd6 23. h3 Kf7 24. Rc7 Re7 25. Rec2 e5 26. dxe5 Nxe5 27. Nxe5+
Rxe5 28. R7c6 Rc5 29. Kf1 Rxc2 30. Rxc2 Re5 31. Rc7+ Kf8 32. Rd7 Rd5 33. Ke2 a4
34. b3 axb3 35. axb3 Rb5 36. Rxd6 Rxb3 1/2-1/2

[Event "World Rapid 2017"]
[Site "Riyadh KSA"]
[Date "2017.12.26"]
[Round "2.22"]
[White "Artemiev, Vladislav"]
[Black "Pantsulaia, Levan"]
[Result "0-1"]
[WhiteTitle "GM"]
[BlackTitle "GM"]
[WhiteElo "2691"]
[BlackElo "2612"]
[WhiteFideId "24101605"]
[BlackFideId "13602071"]
[EventDate "2017.12.26"]

1. e4 c6 2. g3 d5 3. Bg2 dxe4 4. Bxe4 Nf6 5. Bg2 Bg4 6. Nf3 e6 7. O-O Bd6 8. d4
O-O 9. Nbd2 Nbd7 10. Nc4 Bc7 11. a4 Re8 12. c3 Nb6 13. Ne3 Bh5 14. a5 Nbd5 15.
Qb3 Rb8 16. Nc4 Nd7 17. Bg5 Qc8 18. Rfe1 h6 19. Bd2 c5 20. Ne3 N5f6 21. d5 b5
22. dxe6 fxe6 23. Qc2 a6 24. h3 Nf8 25. Nh4 Qd7 26. c4 b4 27. g4 Bf7 28. Rad1
Bd6 29. Nf1 Qc7 30. Be3 Red8 31. Nd2 Qxa5 32. Ra1 Qb6 33. f4 Qc7 34. Rf1 Rb6 35.
g5 Nh5 36. Ne4 Bxf4 37. Rxf4 Nxf4 38. gxh6 N8g6 39. Ng5 e5 40. Bxf4 exf4 41. Bd5
Rxd5 42. cxd5 f3 43. d6 Rxd6 44. h7+ Kh8 45. Nhxf3 Rf6 46. Rd1 Be8 47. Qc4 Rf8
48. Qg4 Ne5 49. Nxe5 Qxe5 50. Ne4 Rf4 0-1

[Event "World Rapid 2017"]
[Site "Riyadh KSA"]
[Date "2017.12.26"]
[Round "2.23"]
[White "Bu, Xiangzhi"]
[Black "Harikrishna, Pentala"]
[Result "1/2-1/2"]
[WhiteTitle "GM"]
[BlackTitle "GM"]
[WhiteElo "2730"]
[BlackElo "2744"]
[WhiteFideId "8601445"]
[BlackFideId "5007003"]
[EventDate "2017.12.26"]

1. Nf3 d5 2. d4 Nf6 3. c4 e6 4. Nc3 Bb4 5. Bg5 h6 6. Bxf6 Qxf6 7. e3 O-O 8. Rc1
Nc6 9. cxd5 exd5 10. a3 Bxc3+ 11. Rxc3 Ne7 12. Be2 c6 13. O-O Ng6 14. b4 a6 15.
a4 Bg4 16. Ne1 Bxe2 17. Qxe2 Rfe8 18. Qf3 Qg5 19. Qg3 Qf6 20. Qf3 Qg5 21. Qg3
Qf6 22. Qf3 1/2-1/2

[Event "World Rapid 2017"]
[Site "Riyadh KSA"]
[Date "2017.12.26"]
[Round "2.24"]
[White "Movsesian, Sergei"]
[Black "Sethuraman, S.P."]
[Result "1-0"]
[WhiteTitle "GM"]
[BlackTitle "GM"]
[WhiteElo "2647"]
[BlackElo "2646"]
[WhiteFideId "310204"]
[BlackFideId "5021596"]
[EventDate "2017.12.26"]

1. e4 e5 2. Nf3 Nc6 3. Bb5 Nf6 4. d3 Bc5 5. c3 d5 6. Nbd2 dxe4 7. dxe4 O-O 8.
O-O Qe7 9. Qe2 a5 10. a4 Bg4 11. Nb3 Bd6 12. h3 Bh5 13. Bg5 Nd8 14. Bh4 Ne6 15.
Qe3 h6 16. Bc4 Nf4 17. Nfd2 g5 18. Bg3 Nd7 19. f3 Kh7 20. Bf2 f6 21. Kh2 Nb6 22.
Rfd1 Be8 23. Bb5 Bxb5 24. axb5 a4 25. Nc1 Qe8 26. c4 Bb4 27. c5 Nd7 28. Nc4 Nxc5
29. Na2 Nb3 30. Nxb4 Nxa1 31. b6 Nb3 32. bxc7 Qb5 33. Nb6 Rae8 34. Rd7+ Kg6 35.
N4d5 Nxd5 36. exd5 Nd4 37. Rd6 Qc5 38. Qe4+ Kg7 39. Rd7+ Re7 40. Bxd4 1-0

[Event "World Rapid 2017"]
[Site "Riyadh KSA"]
[Date "2017.12.26"]
[Round "2.25"]
[White "Eljanov, Pavel"]
[Black "Savchenko, Boris"]
[Result "0-1"]
[WhiteTitle "GM"]
[BlackTitle "GM"]
[WhiteElo "2711"]
[BlackElo "2566"]
[WhiteFideId "14102951"]
[BlackFideId "4147332"]
[EventDate "2017.12.26"]

1. c4 Nf6 2. Nc3 e5 3. Nf3 Nc6 4. g3 d5 5. cxd5 Nxd5 6. Bg2 Nb6 7. O-O Be7 8. b3
O-O 9. Bb2 Re8 10. Rc1 Bf8 11. d3 Nd4 12. Ne4 Bg4 13. Ned2 c5 14. h3 Bh5 15.
Nxd4 exd4 16. g4 Bg6 17. Bxb7 Rb8 18. Bg2 Nd5 19. Nf3 Nf4 20. Rc2 Qe7 21. Re1 f5
22. Bc1 Nxg2 23. Kxg2 fxg4 24. hxg4 Qd7 25. Nh2 Qd5+ 26. f3 Bd6 27. Rh1 a5 28.
Nf1 Qe5 29. Qd2 a4 30. Qg5 Qe6 31. Ng3 h6 32. Qh4 axb3 33. axb3 Qxb3 34. Rb2 Qa4
35. Rxb8 Bxb8 36. Ne4 Qc2 37. Qf2 c4 38. Qxd4 Qxe2+ 39. Nf2 cxd3 40. Bb2 Be5 41.
Qd5+ Bf7 0-1

[Event "World Rapid 2017"]
[Site "Riyadh KSA"]
[Date "2017.12.26"]
[Round "2.26"]
[White "Bortnyk, Olexandr"]
[Black "Sanal, Vahap"]
[Result "1-0"]
[WhiteTitle "GM"]
[BlackTitle "GM"]
[WhiteElo "2610"]
[BlackElo "2551"]
[WhiteFideId "14120828"]
[BlackFideId "6300545"]
[EventDate "2017.12.26"]

1. e4 e5 2. Nf3 Nc6 3. Bb5 a6 4. Ba4 Nf6 5. Qe2 b5 6. Bb3 Be7 7. O-O O-O 8. d3
d6 9. c3 Na5 10. Bc2 c5 11. h3 Nc6 12. Rd1 Qb6 13. Nbd2 Re8 14. Nf1 g6 15. Bh6
Bf8 16. Qe3 Qa7 17. Bxf8 Kxf8 18. Qh6+ Kg8 19. Ne3 Qe7 20. Nd5 Nxd5 21. exd5 Nb8
22. d4 Qf8 23. Qxf8+ Kxf8 24. dxe5 dxe5 25. a4 b4 26. a5 Nd7 27. Ba4 e4 28. Nd2
bxc3 29. bxc3 e3 30. Nc4 exf2+ 31. Kxf2 Rd8 32. Bc6 Ra7 33. Rab1 Nf6 34. Rb8
Ne4+ 35. Kf1 Rc7 36. Re1 Nxc3 37. Nb6 Nb5 38. Bxb5 axb5 39. d6 Rxd6 40. Rxc8+
Rxc8 41. Nxc8 Ra6 42. Nb6 Rxa5 43. Nd7+ Kg7 44. Nxc5 b4 45. Nd3 b3 46. Rb1 Rb5
47. Rb2 h5 48. Nc1 Rf5+ 49. Kg1 Rc5 50. Nxb3 Rb5 51. Rb1 g5 52. Nd2 Rd5 53. Ne4
Re5 54. Rb4 f6 55. Kf2 Kg6 56. Kf3 Rf5+ 57. Ke3 h4 58. Rb6 Rf4 59. Nf2 Rf5 60.
Nd3 Ra5 61. Ke4 Ra4+ 62. Nb4 Kf7 63. Kf3 Kg6 64. Nd5 Ra3+ 65. Ke4 Ra4+ 66. Kd3
Ra3+ 67. Kd4 Ra4+ 68. Kc3 Ra2 69. Ne3 Ra3+ 70. Kd4 Ra4+ 71. Kd3 Ra3+ 72. Ke2
Ra2+ 73. Kf3 Ra1 74. Ng4 Rf1+ 75. Ke3 Rf5 76. Rc6 Rf1 77. Ra6 Rf5 78. Ke4 Rf4+
79. Kd5 Rf1 80. Ne5+ Kf5 81. Ng4 Kg6 82. Rb6 Kf7 83. Rb2 Rd1+ 84. Ke4 Re1+ 85.
Kf5 Rf1+ 86. Rf2 Ra1 87. Nxf6 1-0

[Event "World Rapid 2017"]
[Site "Riyadh KSA"]
[Date "2017.12.26"]
[Round "2.27"]
[White "Moiseenko, Alexander"]
[Black "Alekseev, Evgeny"]
[Result "1/2-1/2"]
[WhiteTitle "GM"]
[BlackTitle "GM"]
[WhiteElo "2667"]
[BlackElo "2616"]
[WhiteFideId "14102560"]
[BlackFideId "4138147"]
[EventDate "2017.12.26"]

1. d4 e6 2. c4 Nf6 3. Nf3 d5 4. Nc3 Bb4 5. Bg5 Nbd7 6. cxd5 exd5 7. e3 c5 8. Bd3
c4 9. Bf5 Qa5 10. Qc2 O-O 11. O-O Re8 12. Nd2 g6 13. Bh3 Kg7 14. Rae1 1/2-1/2

[Event "World Rapid 2017"]
[Site "Riyadh KSA"]
[Date "2017.12.26"]
[Round "2.28"]
[White "Kovalev, Vladislav"]
[Black "Aronian, Levon"]
[Result "1-0"]
[WhiteTitle "GM"]
[BlackTitle "GM"]
[WhiteElo "2639"]
[BlackElo "2805"]
[WhiteFideId "13504398"]
[BlackFideId "13300474"]
[EventDate "2017.12.26"]

1. e4 e5 2. Nf3 Nc6 3. Nc3 Nf6 4. Bb5 Bc5 5. d3 d6 6. Bxc6+ bxc6 7. h3 O-O 8.
O-O Kh8 9. d4 exd4 10. Nxd4 Bd7 11. Bg5 Qe8 12. Nb3 Bb6 13. a4 a5 14. Qf3 Ng8
15. Be3 Bxe3 16. Qxe3 Ne7 17. Rfe1 Ng6 18. Nd4 Qb8 19. b3 Qb4 20. Rad1 Rae8 21.
Qg3 Qc5 22. Re3 Ne7 23. e5 d5 24. e6 fxe6 25. Qxc7 Bc8 26. Ncb5 Rd8 27. Rc3 Qb4
28. Nxc6 Nxc6 29. Rxc6 Qh4 30. Qg3 Qf6 31. Nd4 Bd7 32. Ra6 Rc8 33. Rd2 h6 34.
Qe3 Rf7 35. Nf3 Rc3 36. Qe2 Rf8 37. Ne5 Be8 38. Ra8 Rc7 39. Rd3 Rg8 40. Rf3 Qg5
41. Kh2 Qc1 42. Qa6 Qg5 43. Qd6 Qe7 44. Qxe7 Rxe7 45. Rxa5 Rc7 46. c3 Kh7 47.
Ra6 Re7 48. Re3 Rf8 49. f3 Rf4 50. Nd3 Rf6 51. Ne5 Rf4 52. Kg3 g5 53. Nd3 Rf6
54. Nc5 Bf7 55. b4 Kg6 56. a5 Kf5 57. Rb6 e5 58. Kf2 1-0

[Event "World Rapid 2017"]
[Site "Riyadh KSA"]
[Date "2017.12.26"]
[Round "2.29"]
[White "Ivanchuk, Vassily"]
[Black "Ganguly, Surya Shekhar"]
[Result "1-0"]
[WhiteTitle "GM"]
[BlackTitle "GM"]
[WhiteElo "2726"]
[BlackElo "2650"]
[WhiteFideId "14100010"]
[BlackFideId "5002150"]
[EventDate "2017.12.26"]

1. c4 e5 2. g3 Nf6 3. Bg2 d5 4. cxd5 Nxd5 5. Nf3 Nc6 6. O-O Nb6 7. d3 Be7 8.
Nbd2 O-O 9. a3 a5 10. b3 Re8 11. Bb2 Bf8 12. Nc4 Nxc4 13. bxc4 Nd4 14. Nxe5 Rxe5
15. e3 c5 16. Re1 Bf5 17. exd4 Rxe1+ 18. Qxe1 cxd4 19. Qd2 Bc5 20. Re1 Qb6 21.
Re5 Be6 22. a4 Rc8 23. Bd5 Bxd5 24. Rxd5 Re8 25. Kg2 h6 26. Qf4 Rd8 27. Rf5 Rd7
28. Bc1 Re7 29. Bd2 Qc6+ 30. Qf3 Qc7 31. Qd5 b6 32. Bxa5 g6 33. Rf6 Rd7 34.
Rxg6+ Kf8 35. Rc6 Qa7 36. Rc8+ Kg7 37. Qe5+ f6 38. Qe8 1-0

[Event "World Rapid 2017"]
[Site "Riyadh KSA"]
[Date "2017.12.26"]
[Round "2.31"]
[White "Laznicka, Viktor"]
[Black "Korobov, Anton"]
[Result "1-0"]
[WhiteTitle "GM"]
[BlackTitle "GM"]
[WhiteElo "2647"]
[BlackElo "2652"]
[WhiteFideId "316385"]
[BlackFideId "14105730"]
[EventDate "2017.12.26"]

1. c4 g6 2. Nf3 Bg7 3. g3 e5 4. Nc3 Nc6 5. Bg2 d6 6. Rb1 a5 7. a3 f5 8. d3 h6 9.
e4 Nf6 10. Nh4 Ne7 11. exf5 gxf5 12. f4 O-O 13. O-O c6 14. h3 Be6 15. Be3 Kh7
16. Kh2 Qd7 17. Na4 Qe8 18. fxe5 dxe5 19. Nc5 Bc8 20. d4 e4 21. Qb3 Qh5 22. Rbd1
Ng6 23. Nxg6 Qxg6 24. Bf4 Nh5 25. Be5 Rg8 26. g4 Kh8 27. Qe3 b6 28. Nxe4 fxg4
29. Nd6 Be6 30. hxg4 Rad8 31. gxh5 Qxh5+ 32. Bh3 Rxd6 33. Bxd6 Bxh3 34. Qxh3
Qe2+ 35. Kh1 Qe4+ 36. Qf3 1-0

[Event "World Rapid 2017"]
[Site "Riyadh KSA"]
[Date "2017.12.26"]
[Round "2.32"]
[White "Yu, Yangyi"]
[Black "Miton, Kamil"]
[Result "1-0"]
[WhiteTitle "GM"]
[BlackTitle "GM"]
[WhiteElo "2751"]
[BlackElo "2584"]
[WhiteFideId "8603820"]
[BlackFideId "1111914"]
[EventDate "2017.12.26"]

1. d4 d5 2. c4 c6 3. Nf3 Nf6 4. Nc3 dxc4 5. a4 e6 6. e4 Bb4 7. e5 Nd5 8. Bd2
Bxc3 9. bxc3 b5 10. Ng5 h6 11. Ne4 O-O 12. Qf3 Nd7 13. Qg3 Kh8 14. Qh3 Qe7 15.
Be2 f6 16. f4 b4 17. O-O bxc3 18. Nxc3 c5 19. Bxc4 N7b6 20. Bd3 Nxc3 21. Bxc3
Bb7 22. f5 cxd4 23. exf6 Rxf6 24. Bxd4 e5 25. Rae1 Nd7 26. Be3 Rd6 27. Bc4 Rc8
28. Rc1 Rdc6 29. Bb3 Rxc1 30. Bxc1 Nf6 31. Rd1 Be4 32. Re1 Qb4 33. Rd1 Rc3 34.
Qg4 Rxc1 35. Rxc1 Qd4+ 36. Kh1 Bb7 37. Qxd4 exd4 38. Rd1 1-0